Los Árboles mueren de pie / (Record no. 136821)

MARC details
000 -CABECERA
campo de control de longitud fija 01598nam a22003134i 4500
001 - NÚMERO DE CONTROL
campo de control 991061519703806706
003 - IDENTIFICADOR DEL NÚMERO DE CONTROL
campo de control ES-BaIT
005 - FECHA Y HORA DE LA ÚLTIMA TRANSACCIÓN
campo de control 20251118085111.0
008 - DATOS DE LONGITUD FIJA--INFORMACIÓN GENERAL
campo de control de longitud fija 251112e202504 sp 000 d spa c
017 ## - NÚMERO DE COPYRIGHT O DE DEPÓSITO LEGAL
Número de copyright o de depósito legal DL M 4279-2025
Agencia que asigna Oficina DL Madrid
020 ## - NÚMERO INTERNACIONAL ESTÁNDAR DEL LIBRO
Número Internacional Estándar del Libro 9788441444201
040 ## - FUENTE DE LA CATALOGACIÓN
Centro catalogador/agencia de origen ES-BaIT
Lengua de catalogación cat
Normas de descripción rda
Centro/agencia transcriptor ES-BaIT
080 ## - NÚMERO DE LA CLASIFICACIÓN DECIMAL UNIVERSAL
Número de la Clasificación Decimal Universal 860-2"19"
100 1# - ENTRADA PRINCIPAL--NOMBRE DE PERSONA
Nombre de persona Casona, Alejandro,
Fechas asociadas al nombre 1903-1965
Término indicativo de función/relación autor
9 (RLIN) 12271
245 14 - MENCIÓN DE TÍTULO
Título Los Árboles mueren de pie /
Mención de responsabilidad, etc. Alejandro Casona ; prólogo de Mauro Armiño
264 #1 - PRODUCCIÓN, PUBLICACIÓN, DISTRIBUCIÓN, FABRICACIÓN Y COPYRIGHT
Producción, publicación, distribución, fabricación y copyright Madrid :
Nombre del de productor, editor, distribuidor, fabricante EDAF,
Fecha de producción, publicación, distribución, fabricación o copyright abril de 2025
300 ## - DESCRIPCIÓN FÍSICA
Extensión 155 pàgines ;
Dimensiones 21 cm
336 ## - TIPO DE CONTENIDO
Término de tipo de contenido text
Código de tipo de contenido txt
Fuente rdacontent
337 ## - TIPO DE MEDIO
Nombre/término del tipo de medio sense mediació
Código del tipo de medio n
Fuente rdamedia
338 ## - TIPO DE SOPORTE
Nombre/término del tipo de soporte volum
Código del tipo de soporte nc
Fuente rdacarrier
500 ## - NOTA GENERAL
Nota general P13: D6, H7
504 ## - NOTA DE BIBLIOGRAFÍA, ETC.
Nota de bibliografía, etc. Bibliografia pàgines: 53-54
505 8# - NOTA DE CONTENIDO CON FORMATO
Nota de contenido con formato Inclou: Cronologia pàgines: 13-21
520 ## - SUMARIO, ETC.
Sumario, etc. "Alejandro Casona juega con la fantasía y la realidad en el teatro. Estamos, y se ve desde la primera escena, ante una escenificación del teatro dentro del teatro, no al modo pirandeliano, sino instrumentando elementos del vodevil. Esta obra nos ofrece un mundo tocado de fantasía y unos personajes que ejemplifican una idea moral. Desde la escena pretenden mostrar y demostrar al espectador el bien, la belleza, la vida en su expresión más genuina, bondadosa y maravillosa.Los árboles mueren de pie tiene la función de orientar hacia el sendero de las fuentes cristalinas y limpias de una vida mejor. -- Contracoberta
700 1# - ENTRADA AGREGADA--NOMBRE PERSONAL
Nombre de persona Armiño, Mauro,
Fechas asociadas al nombre 1944-
Término indicativo de función/relación escriptor d'un pròleg
9 (RLIN) 5391
908 ## - COLOCAR PARÁMETRO DE COMANDO (RLIN)
Colocar parámetro de comando CDMAE
940 ## - EQUIVALENCIA O REFERENCIA-CRUZADA--TÍTULO UNIFORME [OBSOLETO] [solamente CAN/MARC]
Título uniforme <a href="CVA38">CVA38</a>
942 ## - ELEMENTOS DE ENTRADA AGREGADA (KOHA)
Fuente del sistema de clasificación o colocación Clasificación decimal universal
Tipo de ítem Koha Llibre
Holdings
Estado de retiro Estado de pérdida Fuente del sistema de clasificación o colocación Estado dañado No para préstamo Localización permanente Ubicación/localización actual Ubicación en estantería Fecha de adquisición Fuente de adquisición Total de préstamos Signatura topográfica completa Código de barras Fecha visto por última vez Precio válido a partir de Tipo de ítem Koha
    Clasificación decimal universal     Biblioteca Barcelona Biblioteca Barcelona BCN Lliure Accés 18/11/2025 Compra   860 CAS arb 1900089496 18/11/2025 18/11/2025 Llibre

Powered by Koha